Demographic characteristics and family life /
שמור ב:
| מחבר ראשי: | |
|---|---|
| מחברים אחרים: | |
| פורמט: | Texto |
| תגים: |
הוספת תג
אין תגיות, היה/י הראשונ/ה לתייג את הרשומה!
|
MARC
| LEADER | 00000 a a2200000 04500 | ||
|---|---|---|---|
| 001 | 48715 | ||
| 003 | |||
| 040 | |||
| 100 | |a Di Stefano, Giovanna | ||
| 245 | |a Demographic characteristics and family life / |c Giovanna Di Stefano, Antonella Pinnelli | ||
| 700 | |a Pinnelli, Antonella | ||
| 773 | |g volumen 52, número 3, (2004), páginas 339-369 | ||
| 999 | |c 22390 |d 22390 | ||
